00956 2200325 4500001002100000005001500021035002000036007000300056008004100059020002200100040002200122082001200144090002200156090001800178100002600196245006700222250002900289300005000318500001100368650002000379850001200399504003300411264005400444336002100498337003000519338002300549999002200572084001400594990002200608INLIS00000000085276520191106030523 a0010-1119000173ta191106s2017 yoia g 1 ind d a978-602-386-041-8 aYOPDYOGbinderda04223a627 aCB-D.11 2017-3279 aDEP 627 AGU r0 aAgus maryonoepenulis10aReformasi pengelolaan sumber daya air /cpenulis, Agus Maryono aCetakan kedua; Juli 2017 axx, 164 halaman :bilustrasi, gambar ;c23 cm aIndeks 4aAir, pengaturan aYOPDYOG aBibliografi: halaman 159-160 1aYogyakarta :bGadjah Mada University Press,c2017 2rdacontentateks 2rdamediaatanpa perantara 2rdacarrieravolume aCB-D.11/2017-3279 a627 AGU r aCB-D.11/2017-3279